000 00458nam a22001337a 4500
001 9789500015172
003 AR-BeUNQ
005 20220808153421.0
245 _aTomá la voz :
_bEjes y propuestas para el abordaje de los consumos problemátios enn el ámbito educativo.
_cMinisterio de Educación De la Nación
_hlibro
250 0 3 _a1a.ed
260 0 3 _aCABA:
_bMinisterio de Educacion de la Nación,
_c2021
500 _aConsumos problemáticos de drogas.
942 0 3 _cLIB
999 _c294
_d294